1011 1709 1854 1216 1486 1963 1730 1652 1962 1496 1198 1205 2000 1257 1568 1238 1297 1905 1683 1513 1405 1986 1710 1099 1918 1464 1805 1733 1427 1375 1236 1575 1561 1685 1601 1412 1674 1142 1033 1055 1837 1067 1189 1444 1791 1612 1433 1562 1667 1237 1445 1273 1046 1503 1657 1031 1079 1133 1900 1886 1397 1718 1686 1825 1526 1620 1711 1089 1309 1839 1152 1458 1970 1500 1169 1559 1885 1396 1556 1922 1282 1052 1435 1752 1735 1710 1460 1118 1760 1298 1005 1495 1134 1459 1112 1773 1924 1389 1968 BCNSPRNW ULIB Ver.6.0+V

เปลี่ยนเป็นภาษาไทย

Change to English
 แสดงรายละเอียดบรรณานุกรม
  กลับหน้าหลัก

Brief Record : Get Marc (ISO 2709) : E-mail record : QR code < ปิดหน้าต่าง
LEADER : 00000nam 2200000uu 4500
001    13399109300
003     ULIB
008    110324s2546||||th 000 0 tha d
020    9744652713
060 04 WA546.JT3^bส412ร 2546
110 1  กระทรวงสาธารณสุข^bกรมสนับสนุนบริการสุขภาพ.
245 10 แนวปฏิบัติบริการสุขภาพสำหรับศูนย์สุขภาพชุมชน:ด้านการรักษาพยาบาล /^cกรมสนับสนุนบริการสุขภาพ.
260    นนทบุรี:^bกรมสนับสนุนบริการสุขภาพ,^c2546
300    200 หน้า ;^c30 ซม.
650  7 บริการสุขภาพ^xด้านจการรักษาพยาบาล
650  7 ศูนย์สุขภาพชุมชน
995    ทศพร
999 ^a ใช้งานได้ทุกระบบ
รายการนี้ยังไม่มีแท็ก
คุณยังไม่ได้ล็อกอิน คุณสามารถมีกิจกรรมร่วมกับเว็บไซต์ได้ แต่ต้องล็อกอินก่อน ::
  ล็อกอิน

รายการสื่อสารสนเทศ

ลำดับที่ ประเภท เลขเรียก/บาร์โค้ด สถานที่ สถานะ
- ไม่พบข้อมูล -

รายการใกล้เคียง
    หัวเรื่อง [ศูนย์สุขภาพชุมชน]

BibComment


ยังไม่เคยถูกคอมเมนท์

คอมเมนท์ทรัพยากรรายการนี้
  คอมเมนท์: แนวปฏิบัติบริการส..


 Copyright 2026. Bcnsprnw @Library